[Event "Port of Spain op"]
[Site "Port of Spain"]
[Date "2016.07.29"]
[Round "1"]
[White "Inkim, Matthew"]
[Black "Chirinos Cabrera, Cleren Jesus"]
[Result "0-1"]
[WhiteElo "1466"]
[BlackElo "2012"]
[PlyCount "110"]
[EventDate "2016.07.29"]
[EventType "swiss"]
[EventRounds "9"]
[EventCountry "TRI"]
[SourceTitle "EXT 2017"]
[Source "ChessBase"]
[SourceDate "2016.10.25"]
[SourceVersion "1"]
[SourceVersionDate "2016.10.25"]
[SourceQuality "1"]

1. e4 e5 2. Nf3 Nc6 3. Bb5 a6 4. Ba4 Nf6 5. d3 b5 6. Bb3 Be7 7. Be3 0-0 8. 0-0 d6 9. h3 Na5 10. Nbd2 h6 11. c3 Nxb3 12. Qxb3 c5 13. Qc2 Be6 14. d4 cxd4 15. cxd4 Rc8 16. Qd3 Bc4 17. Nxc4 bxc4 18. Qc2 Qa5 19. Bd2 Qb5 20. d5 Nd7 21. Rac1 f5 22. Bc3 fxe4 23. Qxe4 Nf6 24. Qe2 Qxd5 25. Rfd1 Qe4 26. Qxe4 Nxe4 27. Bb4 Rfe8 28. Rc2 Kf7 29. Nd2 Nxd2 30. Rcxd2 Red8 31. Bxd6 Bg5 32. Rd5 Bf6 33. Bb4 Rxd5 34. Rxd5 e4 35. Ba3 Rb8 36. Rd2 Be5 37. g3 Ke6 38. Kf1 Rb5 39. Rc2 Kd5 40. Rd2+ Bd4 41. h4 Rb7 42. Ke1 Rf7 43. Bb4 Ke5 44. Bc3 Bxc3 45. bxc3 Rf3 46. Rc2 e3 47. Kf1 Ke4 48. Ke1 Kd3 49. Kd1 Rxf2 50. Rxf2 exf2 51. Kc1 f1Q+ 52. Kb2 Qd1 53. Ka3 Kxc3 54. g4 Qb1 55. g5 Qb4# 0-1

[Event "Wch Seniors 65 24th"]
[Site "Katerini"]
[Date "2014.11.04"]
[Round "11"]
[White "Chirinos Cabrera, Cleren Jesus"]
[Black "Nickl, Klaus"]
[Result "1/2-1/2"]
[WhiteElo "2009"]
[BlackElo "2113"]
[PlyCount "30"]
[EventDate "2014.10.24"]
[EventType "swiss"]
[EventRounds "11"]
[EventCountry "GRE"]
[SourceTitle "EXT 2015"]
[Source "ChessBase"]
[SourceDate "2014.11.20"]
[SourceVersion "1"]
[SourceVersionDate "2014.11.20"]
[SourceQuality "1"]

1. g3 Nf6 2. Bg2 d5 3. d3 c6 4. Nd2 e5 5. c4 Bc5 6. e3 0-0 7. Ne2 Be6 8. 0-0 dxc4 9. Nxc4 e4 10. Ne5 Qc7 11. d4 Bd6 12. f4 exf3 13. Nxf3 Ne4 14. Nc3 Nxc3 15. bxc3 f5 1/2-1/2

[Event "Wch Seniors 65 24th"]
[Site "Katerini"]
[Date "2014.10.31"]
[Round "7"]
[White "Chirinos Cabrera, Cleren Jesus"]
[Black "Reuben, Stewart"]
[Result "1-0"]
[WhiteElo "2009"]
[BlackElo "2089"]
[PlyCount "82"]
[EventDate "2014.10.24"]
[EventType "swiss"]
[EventRounds "11"]
[EventCountry "GRE"]
[SourceTitle "EXT 2015"]
[Source "ChessBase"]
[SourceDate "2014.11.20"]
[SourceVersion "1"]
[SourceVersionDate "2014.11.20"]
[SourceQuality "1"]

1. Nf3 c5 2. g3 g6 3. Bg2 Bg7 4. c4 Nc6 5. Nc3 e6 6. 0-0 Nge7 7. Ne4 d6 8. Rb1 0-0 9. a3 f5 10. Nc3 d5 11. cxd5 exd5 12. d3 b6 13. Bf4 Bb7 14. Nb5 Rf6 15. e4 fxe4 16. dxe4 dxe4 17. Ng5 Ba6 18. Nd6 Nd4 19. Ngxe4 Re6 20. Re1 Nef5 21. Bg5 Qf8 22. Nf6+ Rxf6 23. Bxf6 Nxd6 24. Be7 Qf5 25. Bxa8 Nc8 26. Be4 Qe6 27. Bg5 Nd6 28. Bg2 Be2 29. Qc1 Qf5 30. Qe3 Nf3+ 31. Bxf3 Bxf3 32. Qe6+ Qxe6 33. Rxe6 Nf5 34. Re8+ Kf7 35. Rc8 Be5 36. Bf4 Bb7 37. Rd8 Bxf4 38. Rd7+ Ke6 39. Rxb7 Be5 40. Rxa7 h5 41. Rb7 Kd5 1-0

[Event "Caracas Bandes Cup 1st"]
[Site "Caracas"]
[Date "2014.03.01"]
[Round "1"]
[White "Chirinos Cabrera, Cleren Jesus"]
[Black "Palomo, Franklin Annervys"]
[Result "0-1"]
[WhiteElo "2070"]
[BlackElo "2233"]
[PlyCount "111"]
[EventDate "2014.03.01"]
[EventType "swiss"]
[EventRounds "7"]
[EventCountry "VEN"]
[SourceTitle "EXT 2018"]
[Source "ChessBase"]
[SourceDate "2017.10.13"]
[SourceVersion "1"]
[SourceVersionDate "2017.10.13"]
[SourceQuality "1"]

1. Nf3 d5 2. g3 Nf6 3. Bg2 c6 4. b3 g6 5. Bb2 Bg7 6. 0-0 0-0 7. d3 Nbd7 8. Nbd2 Re8 9. c4 a5 10. Qc2 e5 11. cxd5 Nxd5 12. Nc4 Qe7 13. Ne1 Bh6 14. e4 Nb4 15. Qe2 b5 16. Ne3 Nc5 17. f4 exf4 18. gxf4 f5 19. e5 Rd8 20. d4 Ne6 21. a3 Nd5 22. Nxd5 cxd5 23. Nd3 Ra7 24. b4 axb4 25. axb4 Ra4 26. Bc3 Bb7 27. Qb2 Rda8 28. Bd2 Qh4 29. Rxa4 Rxa4 30. Be1 Qg4 31. Bg3 Bf8 32. Bf3 Qh3 33. Bg2 Qh6 34. Nc5 Bxc5 35. dxc5 Bc6 36. Qd2 Nc7 37. Re1 Qg7 38. Bf3 Qd7 39. Bd1 Ra1 40. Qb2 Ra7 41. Bb3 Ne6 42. Rd1 Qd8 43. Qf2 Rd7 44. Bh4 Qf8 45. Ra1 Kf7 46. Ra6 Qc8 47. Ra3 Qb7 48. Bg3 h5 49. h3 d4 50. Qa2 Bd5 51. Bxd5 Qxd5 52. Qxd5 Rxd5 53. Rd3 h4 54. Bh2 Ke7 55. Kf2 Kd8 56. Ke2 0-1

[Event "Wch Seniors 23rd"]
[Site "Opatija"]
[Date "2013.11.22"]
[Round "10"]
[White "Vogel, Jaap"]
[Black "Chirinos Cabrera, Cleren Jesus"]
[Result "1/2-1/2"]
[WhiteElo "2191"]
[BlackElo "2059"]
[PlyCount "56"]
[EventDate "2013.11.12"]
[EventType "swiss"]
[EventRounds "11"]
[EventCountry "CRO"]
[SourceTitle "CBM 157 Extra"]
[Source "ChessBase"]
[SourceDate "2013.12.19"]
[SourceVersion "1"]
[SourceVersionDate "2013.12.19"]
[SourceQuality "1"]

1. d4 Nf6 2. Nf3 e6 3. g3 c5 4. Bg2 d5 5. c4 cxd4 6. Nxd4 e5 7. Nb3 d4 8. 0-0 Nc6 9. e3 Bg4 10. f3 Be6 11. exd4 Nxd4 12. Nxd4 Qxd4+ 13. Qxd4 exd4 14. b3 0-0-0 15. Rd1 Nd7 16. Ba3 Nc5 17. Nd2 b6 18. f4 Bf5 19. Nf3 Ne6 20. Bxf8 Rhxf8 21. Nh4 Bc2 22. Rd2 d3 23. Bh3 Kd7 24. Bxe6+ Kxe6 25. Nf3 Kd6 26. Ne1 Kc5 27. Nxc2 dxc2 28. Rxc2 Rfe8 1/2-1/2

[Event "Wch Seniors 23rd"]
[Site "Opatija"]
[Date "2013.11.20"]
[Round "8"]
[White "Trois, Francisco R Torres"]
[Black "Chirinos Cabrera, Cleren Jesus"]
[Result "1-0"]
[WhiteElo "2229"]
[BlackElo "2059"]
[PlyCount "86"]
[EventDate "2013.11.12"]
[EventType "swiss"]
[EventRounds "11"]
[EventCountry "CRO"]
[SourceTitle "CBM 157 Extra"]
[Source "ChessBase"]
[SourceDate "2013.12.19"]
[SourceVersion "1"]
[SourceVersionDate "2013.12.19"]
[SourceQuality "1"]

1. c4 c5 2. Nf3 Nc6 3. Nc3 g6 4. e3 Nf6 5. d4 cxd4 6. Nxd4 Bg7 7. Nc2 0-0 8. Be2 b6 9. 0-0 Bb7 10. e4 Rc8 11. f3 Na5 12. b3 Nxe4 13. Nxe4 d5 14. cxd5 Rxc2 15. Qxc2 Bxa1 16. Bh6 Bg7 17. Bxg7 Kxg7 18. b4 Qxd5 19. Qc3+ Kg8 20. bxa5 Rc8 21. Qb3 Qxa5 22. Rd1 Bxe4 23. fxe4 Qc5+ 24. Kh1 Qe5 25. Bc4 e6 26. Qd3 Kg7 27. h3 Rc5 28. a4 h5 29. Bb5 Qg5 30. Qd4+ e5 31. Qd2 Qh4 32. Rf1 Qxe4 33. Be8 f5 34. Qd7+ Kh6 35. Qf7 f4 36. Qf8+ Kg5 37. Qe7+ Kh6 38. h4 Qf5 39. Rd1 f3 40. Bxg6 fxg2+ 41. Kg1 Qxg6 42. Qf8+ Qg7 43. Rd6+ Kh7 1-0

[Event "Wch Seniors 23rd"]
[Site "Opatija"]
[Date "2013.11.19"]
[Round "7"]
[White "Chirinos Cabrera, Cleren Jesus"]
[Black "Beltz, Robert"]
[Result "1-0"]
[WhiteElo "2059"]
[BlackElo "2208"]
[PlyCount "81"]
[EventDate "2013.11.12"]
[EventType "swiss"]
[EventRounds "11"]
[EventCountry "CRO"]
[SourceTitle "CBM 157 Extra"]
[Source "ChessBase"]
[SourceDate "2013.12.19"]
[SourceVersion "1"]
[SourceVersionDate "2013.12.19"]
[SourceQuality "1"]

1. c4 c6 2. g3 d5 3. cxd5 cxd5 4. Bg2 Nf6 5. Nf3 Nc6 6. 0-0 e6 7. b3 Be7 8. d3 0-0 9. Bb2 b5 10. Na3 Qb6 11. Nc2 a5 12. Ncd4 Na7 13. Ne5 Bb7 14. g4 Rfd8 15. e3 Nd7 16. Nef3 Nc8 17. Ne2 Nd6 18. Bd4 Qa6 19. Nf4 b4 20. Rc1 Nb5 21. Ba1 h6 22. Qd2 a4 23. h4 axb3 24. axb3 Qd6 25. Ne2 Ra3 26. Bb2 Raa8 27. Ra1 Na3 28. g5 hxg5 29. hxg5 Bf8 30. Bh3 Rac8 31. Rac1 Ba6 32. g6 f5 33. Ng3 Nc5 34. Be5 Qd7 35. e4 Nxb3 36. Qg5 Be7 37. Qh5 Bf6 38. Qh7+ Kf8 39. Nh5 Rxc1 40. Nxf6 Rxf1+ 41. Bxf1 1-0

[Event "Wch Seniors 23rd"]
[Site "Opatija"]
[Date "2013.11.16"]
[Round "5"]
[White "Chirinos Cabrera, Cleren Jesus"]
[Black "Malmdin, Nils Ake"]
[Result "0-1"]
[WhiteElo "2059"]
[BlackElo "2191"]
[PlyCount "72"]
[EventDate "2013.11.12"]
[EventType "swiss"]
[EventRounds "11"]
[EventCountry "CRO"]
[SourceTitle "CBM 157 Extra"]
[Source "ChessBase"]
[SourceDate "2013.12.19"]
[SourceVersion "1"]
[SourceVersionDate "2013.12.19"]
[SourceQuality "1"]

1. c4 g6 2. Nf3 Bg7 3. d4 Nf6 4. Nc3 0-0 5. e3 d6 6. Be2 c6 7. e4 Nbd7 8. 0-0 e5 9. d5 Nc5 10. Qc2 cxd5 11. cxd5 Bd7 12. b4 Na6 13. Qb3 h6 14. Nd2 Ne8 15. Nc4 f5 16. Bd2 f4 17. f3 h5 18. Be1 g5 19. Bf2 g4 20. Na5 g3 21. hxg3 fxg3 22. Bxg3 Bh6 23. Nd1 Rf7 24. Rf2 h4 25. Bh2 Qb6 26. Rb1 Rc8 27. Kh1 Rg7 28. Bg1 Nf6 29. Rf1 Qc7 30. Be3 Bf4 31. Rc1 Nc5 32. bxc5 Qxa5 33. c6 Be8 34. cxb7 Rb8 35. Rc8 Rbxb7 36. Qxb7 Rxb7 0-1

[Event "VEN-ch Expertos y Maestros"]
[Site "San Carlos"]
[Date "2012.06.19"]
[Round "2"]
[White "Chirinos Cabrera, Cleren Jesus"]
[Black "Brizuela Abreu, Reivis Gabriel"]
[Result "1-0"]
[WhiteElo "2173"]
[BlackElo "2043"]
[PlyCount "83"]
[EventDate "2012.06.19"]
[EventType "swiss"]
[EventRounds "9"]
[EventCountry "VEN"]
[SourceTitle "EXT 2015"]
[Source "ChessBase"]
[SourceDate "2014.11.20"]
[SourceVersion "1"]
[SourceVersionDate "2014.11.20"]
[SourceQuality "1"]

1. Nf3 d5 2. c4 e6 3. g3 Nf6 4. Bg2 Be7 5. 0-0 0-0 6. b3 c6 7. Bb2 Nbd7 8. d3 Bd6 9. Nbd2 e5 10. Rc1 Qe7 11. cxd5 cxd5 12. e4 dxe4 13. dxe4 Nb6 14. Rc2 Bg4 15. Qa1 Rfe8 16. Rfc1 Rad8 17. h3 Bd7 18. Nh2 Bc6 19. Nhf1 Ba3 20. Ne3 Bxb2 21. Qxb2 g6 22. Qc3 Rd4 23. f3 Nh5 24. Ndf1 Red8 25. Qa5 Nc8 26. Kh2 f6 27. h4 Ng7 28. Bh3 f5 29. exf5 gxf5 30. Bxf5 Nd6 31. Bh3 Rf8 32. Bg2 Ngf5 33. Nxf5 Nxf5 34. Qe1 Qf6 35. Kg1 Rd3 36. Rc3 Rd7 37. Ne3 Nd4 38. Ng4 Qg7 39. Qxe5 Qxe5 40. Nxe5 Ne2+ 41. Kf2 Nxc3 42. Nxd7 1-0

[Event "Caracas op 1st"]
[Site "Caracas"]
[Date "2012.04.19"]
[Round "2"]
[White "Chirinos Cabrera, Cleren Jesus"]
[Black "Salazar Farias, Luis German"]
[Result "0-1"]
[WhiteElo "2190"]
[BlackElo "1978"]
[PlyCount "102"]
[EventDate "2012.04.19"]
[EventType "swiss"]
[EventRounds "7"]
[EventCountry "VEN"]
[SourceTitle "EXT 2013"]
[Source "ChessBase"]
[SourceDate "2012.11.22"]
[SourceVersion "1"]
[SourceVersionDate "2012.11.22"]
[SourceQuality "1"]

1. Nf3 c5 2. g3 g6 3. Bg2 Bg7 4. c4 Nc6 5. 0-0 e6 6. e3 Nge7 7. d4 cxd4 8. exd4 d5 9. cxd5 Nxd5 10. Nc3 0-0 11. Re1 Qa5 12. Ne2 Rd8 13. Bd2 Qb6 14. Qb3 Qxb3 15. axb3 b6 16. Rec1 Bb7 17. Rc4 b5 18. Rc5 a6 19. Rac1 Rac8 20. Kf1 h6 21. Be1 g5 22. g4 Bf8 23. R5c2 Bd6 24. Bd2 f6 25. h3 Kf7 26. Ne1 Nce7 27. Rxc8 Rxc8 28. Rxc8 Bxc8 29. Nd3 b4 30. Nc5 a5 31. Ke1 f5 32. Nc1 e5 33. gxf5 exd4 34. Ne4 Bf4 35. f6 Bxd2+ 36. Kxd2 Nxf6 37. Nd6+ Ke6 38. Nxc8 Nxc8 39. Kd3 Ke5 40. Ne2 Nh5 41. Bf3 Nf4+ 42. Nxf4 gxf4 43. Bg4 Nd6 44. f3 Nb7 45. Bh5 Nc5+ 46. Kc4 d3 47. Bg6 Nxb3 48. Kxb3 Kd4 49. Be4 Ke3 50. Ka4 d2 51. Bc2 Kxf3 0-1

[Event "Pilnik Memorial op"]
[Site "Caracas"]
[Date "1999.??.??"]
[Round "?"]
[White "Torres Gonzalez, Jose Arturo"]
[Black "Chirinos Cabrera, Cleren Jesus"]
[Result "0-1"]
[WhiteElo "2215"]
[BlackElo "2215"]
[PlyCount "83"]
[EventDate "1999.??.??"]
[EventType "swiss"]
[EventRounds "7"]
[EventCountry "VEN"]
[SourceTitle "EXT 2002"]
[Source "ChessBase"]
[SourceDate "2001.11.25"]
[SourceVersion "1"]
[SourceVersionDate "2001.11.25"]
[SourceQuality "1"]

1. e4 e5 2. Nf3 Nc6 3. d4 exd4 4. Bc4 Nf6 5. 0-0 Be7 6. Nxd4 Nxd4 7. Qxd4 d6 8. Nc3 0-0 9. Bf4 Ne8 10. Nd5 Bg5 11. Bxg5 Qxg5 12. f4 Qd8 13. Kh1 Be6 14. Nc3 Qe7 15. Rae1 c6 16. e5 Bxc4 17. Qxc4 d5 18. Qd4 f5 19. exf6 Qxf6 20. Qxf6 Nxf6 21. Re7 Rf7 22. Rfe1 Rxe7 23. Rxe7 Re8 24. Rxe8+ Nxe8 25. g3 Nd6 26. Kg2 Nc4 27. Nd1 Kf7 28. b3 Nd6 29. Nf2 Nf5 30. c3 Ke6 31. Kf3 Nd6 32. g4 g6 33. Ke3 b6 34. h3 c5 35. Kd3 a5 36. c4 b5 37. cxb5 Nxb5 38. Nd1 Nd4 39. Ne3 h6 40. Ng2 Nc6 41. Nh4 Kf6 42. Nf3 0-1

[Event "Caracas UCV op"]
[Site "Caracas"]
[Date "1999.??.??"]
[Round "6"]
[White "Urbaneja, Juan Carlos"]
[Black "Chirinos Cabrera, Cleren Jesus"]
[Result "1-0"]
[WhiteElo "2221"]
[BlackElo "2215"]
[PlyCount "113"]
[EventDate "1999.04.15"]
[EventType "swiss"]
[EventRounds "7"]
[EventCountry "VEN"]
[SourceTitle "EXT 2002"]
[Source "ChessBase"]
[SourceDate "2001.11.25"]
[SourceVersion "1"]
[SourceVersionDate "2001.11.25"]
[SourceQuality "1"]

1. e4 e5 2. Nf3 Nc6 3. Bb5 a6 4. Ba4 Nf6 5. 0-0 Be7 6. Re1 b5 7. Bb3 d6 8. c3 0-0 9. h3 Na5 10. Bc2 c5 11. d4 Qc7 12. Nbd2 cxd4 13. cxd4 Nc6 14. Nb3 Nb4 15. Bb1 a5 16. a3 Na6 17. Be3 a4 18. Nbd2 Bd7 19. Bd3 Rfe8 20. Rc1 Qb8 21. Qe2 Bd8 22. dxe5 dxe5 23. Rc2 Nc7 24. Rc5 Na6 25. Rc2 Nh5 26. g3 g6 27. Kh2 Ng7 28. Rec1 Ne6 29. Nb1 f6 30. Nc3 Nac7 31. Na2 Na6 32. h4 Qb7 33. h5 g5 34. Kg1 h6 35. Nh2 Rb8 36. Ng4 Kg7 37. Nh2 Rf8 38. Nf3 Be8 39. Nh2 Qd7 40. Rd2 Ba5 41. Rdd1 Nd4 42. Bxd4 exd4 43. e5 f5 44. g4 fxg4 45. Qe4 Kh8 46. Rc6 Rb6 47. Rc8 Re6 48. Rdc1 Rf4 49. Qa8 Bd2 50. R1c6 Rf8 51. Rxa6 Rxa6 52. Qxa6 Kg7 53. Ra8 Bf7 54. Qf6+ Kg8 55. Bh7+ Kxh7 56. Rxf8 Bg8 57. Qg6+ 1-0